Akira : personnages - Statistiques

Statistiques générales
  • Ce quiz a été pris 21 fois
  • Le résultat moyen est 8 sur 16
Statistiques - réponses
Par images Réponse % Correct
Tetsuo (N°41)
100%
Akira (N°28)
88%
Kaneda
88%
Kei/Kay
71%
Kai/Keisuke
59%
Colonel Shikishima
47%
Nezu
47%
Kiyoko (N°25)
41%
Lady Miyako (N°19)
41%
Takashi (N°26)
41%
Yamagata
41%
Kaori
35%
Masaru (N°27)
35%
Ryu
24%
Chiyoko
18%
Sakaki
6%
Aucun quiz correspondant
Distribution des résultats
% des personnes avec chaque résultat
Percentile par nombre de réponses
Votre historique - résultats
Vous n’avez pas pris ce quiz